Snows kitchenalia (Record no. 395644)

MARC details
000 -LEADER
fixed length control field 00501 a2200205 4500
005 - DATE & TIME
control field 20260401120824.0
008 - FIXED-LENGTH DATA ELEMENTS--GENERAL INFORMATION
fixed length control field 260324b |||||||| |||| 00| 0 eng d
020 ## - ISBN
International Standard Book Number 9781911216735
Price £ 20.00
040 ## - CATALOGING SOURCE
Original cataloging agency VIVEKANANDA LIBRARY
082 ## - DDC NUMBER
Classification number 641.57
Book Number S61S
100 ## - MAIN ENTRY--PERSONAL NAME
Personal name Snow, Alan
245 ## - TITLE STATEMENT
Title Snows kitchenalia
260 ## - PUBLICATION, DISTRIBUTION, ETC. (IMPRINT)
Name of publisher, distributor, etc Pavilion Children'S Books
Date of publication, distribution, etc 2017
Place of publication, distribution, etc China
300 ## - PHYSICAL DESCRIPTION
Pages 208
650 ## - Subject
Subject Hotel Management
650 ## - Subject
Subject Kitchen Equipment
650 ## - Subject
Subject Cooking
650 ## - Subject
Subject Food
942 ## - ADDED ENTRY ELEMENTS (KOHA)
Koha item type Books
Holdings
Withdrawn status Lost status Source of classification or shelving scheme Damaged status Not for loan Location (home branch) Sublocation or collection (holding branch) Shelving location Date acquired Koha issues (times borrowed) Koha full call number Accession No. Koha date last seen Koha item type
    Dewey Decimal Classification     VIVEKANANDA LIBRARY VIVEKANANDA LIBRARY IHTM Library 21/01/2026   641.57 S61S 425204 21/01/2026 Books
© Designed and Maintained by Vivekananda Library, MDU Rohtak